000 01348cam a2200349 a 4500
001 44919
003 BD-RJUL
005 20211209053933.0
008 160721s2006 dcud b 001 0 eng
020 _a9004155619 (hard cover)
020 _a9789004155619 (hard cover)
020 _a0821368311 (paperback)
020 _a9780821368312 (paperback)
035 _aBD-RJUL 45037
035 _a(CStRLIN)PAUGV4107444-B
040 _aUVL
_cUVL
_beng
_dBD-RJUL
041 _aeng
082 _223
_a343.074
_bWOR 2006
245 0 4 _aThe World Bank legal review :
_blaw and justice for development /
_c[edited by] The World Bank.
260 _a[Washington, D.C.] :
_bThe World Bank ;
_a[The Hague, The Netherlands] :
_bMartinus Nijhoff,
_c[c2003-2006]
300 _aV. :
_bill. ;
_c24 cm.
504 _aIncludes bibliographical references and index.
505 0 _aVol. 1 published in cooperation with Kluwer Law International; v. 2 published in cooperation with Martinus Nijhoff Publishers.
650 0 _aLaw and economic development.
_9137656
650 0 _aInternational organization.
_9137657
650 0 _aInternational finance
_xLaw and legislation.
_9137658
650 0 _aSocial justice.
_9137659
710 2 _aWorld Bank.
_9137660
830 4 _aThe World Bank legal review ;
_9154802
942 _2ddc
_cBK
999 _c44919
_d44919